000 00771nam a2200313Ia 4500
001 6957
005 20240113233949.0
007 ta
008 130318s1986 ii a g b000 u 465 u
040 _aCotton College,Assam
041 _aeng
082 _a332.4
_bJh 559 M
100 _aJhoingan, M.L. .
245 0 _aMonetary Theory /
_cM.L. Jhingan.
_hTextual Documents
250 _a1st ed. /
260 _aNew Delhi :
_bKonark Publications ,
_c1986.
300 _axv, 564p. :
_bill. ;
_c22cm .
504 _aBib.
653 _aEconomics
653 _aMonetary Theory
653 _aPG-Economics
653 _aMS-Economics
942 _2ddc
_cBK
999 _c6944
_d6944